000 00717nam a22002177a 4500
005 20251108172703.0
008 250721s2001 xx 000 0 ara d
082 1 4 _a621.382/محم
100 1 _aمحمد، محمد
_eمؤلف
245 1 0 _aالصوتيات الرقمية والأقراص الليزرية /
250 _aط 2
264 1 _aدمشق :
_bدار المعرفة،
_c2001.
300 _a127ص.
650 1 7 _aمولدات الصوت ( أقراص صوتية )
650 1 7 _aالهندسة الصوتية
650 1 7 _aالتسجيلات الصوتية
650 1 7 _aالإتصالات الرقمية
650 1 7 _aالإلكترونيات الرقمية
942 _2ddc
_cBK
999 _c85938
_d85938